000
00222nam a22001097a 4500
003
OSt
008
250103b |||||||| |||| 00| 0 eng d
041
_a
eng
100
_a
Premchand
_9
5537
245
_a
Varadhanam
942
_c
BK
999
_c
18879
_d
18879